Kořeny jabloní /

Román o mezigeneračním porozumění a ženské solidaritě je rovněž oslavou moci literatury, vyprávění a psaní.

Uloženo v:
Hlavní autor: Kratochvílová, Veronika, 1987- (Autor)
Médium: Kniha
Jazyk:Czech
Vydáno: V Praze : Paseka, 2026
Vydání:Vydání první
Témata:
Celkem bylo vypůjčeno:0x
Tagy:
Žádné tagy
LEADER 02168nam a2200361 i 4500
001 106314
003 CZ PrNK
005 20260512144411.0
007 ta
008 260511s2026 xr g 000 f cze
015 |a cnb003757833 
020 |a 9788076376007  |q (brožováno)  |z 978-80-7637-602-1 
040 |a ABG001  |b cze  |e rda 
072 7 |a 821.162.3-3  |x Česká próza  |2 Konspekt  |9 25 
080 |a 821.162.3-31  |2 MRF 
080 |a (0:82-31)  |2 MRF 
100 1 |a Kratochvílová, Veronika,  |d 1987-  |4 aut 
245 1 0 |a Kořeny jabloní /  |c Veronika Kratochvílová 
250 |a Vydání první 
264 1 |a V Praze :  |b Paseka,  |c 2026 
300 |a 285 stran ;  |c 20 cm 
336 |a text  |b txt  |2 rdacontent 
337 |a bez média  |b n  |2 rdamedia 
338 |a svazek  |b nc  |2 rdacarrier 
500 |a Chybné ISBN uvedeno u čárového kódu 
520 2 |a Román o mezigeneračním porozumění a ženské solidaritě je rovněž oslavou moci literatury, vyprávění a psaní.  |b Magdaleně se život překlenul do poslední dekády. Zatímco tělo ji zrazuje každým dnem víc a víc, hlava zůstává bdělá. Vrací se do vzpomínek a otevírá příběh svého mládí, kdy se na osudech její rodiny trpce podepsaly rozkulačení a totalita 50. let. Mladá Magdalena pro sebe tehdy hledala jiný, pestrý svět, který jí poskytla literatura. Teď se sžívá s domovem důchodců. Do bytu po ní přichází Lenka. Sedmatřicetiletá žena je krátce po rozchodu a začíná novou životní etapu. Díky dopisu adresovanému bývalé nájemnici se postupně seznamuje s Magdalenou a toto psaní obrátí oběma ženám život naruby. Citlivý románový debut je nejen ponorem do duší hrdinek, které rozdílná generační zkušenost překvapivě víc spojuje, než rozděluje. Nakladatelská anotace. Kráceno. 
655 7 |a české romány  |7 fd133974  |2 czenas  |9 54031 
655 9 |a Czech fiction  |2 eczenas 
710 2 |a Nakladatelství Paseka  |7 kn20080729011  |4 pbl  |9 117226 
910 |a UOG502 
942 |2 ddc  |c KN 
999 |d 106314 
993 |0 0  |1 421180107035  |2 ddc  |4 0  |7 0  |9 99687  |b 0  |c 107035  |d 2026-05-12  |e 0  |f DOSP  |h 349.00  |i Koupě  |l DOSP  |r 2026-05-12  |t 6  |w 2026-05-12  |y KN  |z BELET  |n